Preschool & Kindergarten Architecture
Guardado en:
| Autor principal: | |
|---|---|
| Formato: | Libro |
| Lenguaje: | inglés |
| Publicado: |
Barcelona :
Carles Broto,
2006
|
| Etiquetas: |
Sin Etiquetas, Sea el primero en etiquetar este registro!
|
MARC
| LEADER | 00000nam a22000003a 4500 | ||
|---|---|---|---|
| 001 | stu269227 | ||
| 005 | 20150617230248.1 | ||
| 008 | 130626s2006------------------------eng-d | ||
| 020 | |a 978-84-96263-55-0 | ||
| 040 | |a STU |b slo | ||
| 041 | 0 | |a eng | |
| 100 | 1 | |a Mostaedi, Arian |4 aut | |
| 245 | 1 | |a Preschool & Kindergarten Architecture | |
| 260 | |a Barcelona : |b Carles Broto, |c 2006 | ||
| 300 | |a 303 s | ||
| 996 | |b 284AU05776 |c A*8574 U |l AA8180 |s P |a 0 |w stu269227_0001 | ||